000 00582nam a22002297a 4500
003 UA-OsUOA
001 95869
007 ta
008 20130312b un ||||| |||| 00| 0 ukr d
100 _aК'юсак Д.
090 _a821.72
_bК97
942 _cBK
040 _aUA-OsUOA
_bukr
_cUA-OsUOA
_dUA-OsUOA
245 _aСамого сонця замало
300 _a277 с.
955 _a3
041 _aukr
080 _a821.72
260 _aК.
_bМолодь
_c1971
650 7 _a82 Література. Літературознавство
_2UDC
999 _c382115
_d382115